000 01235nam a2200325 i 4500
001 10668
003 KOSZ 005
005 20211123145531.0
008 080620s1965 pl a f 000 0 pol
015 _aPB 1965/5316
040 _aWA N
_cKOSZ 005/RW
_dKOSZ 005/RW
_dKOSZ 005/HR
046 _k1965
080 _a691
100 1 _aKorngut, Józef.
_eAutor
245 1 0 _aWyroby azbestowo-cementowe :
_bprodukcja i zastosowanie /
_cJózef Korngut, Zbigniew Krzewiński, Wojciech Łącki.
260 _aWarszawa :
_b"Arkady",
_c1965.
300 _a319, [1] s., [4] k. tabl. :
_bil. ;
_c25 cm.
380 _aKsiążki.
388 _a1901-2000
504 _aBibliogr. s. 319-[320].
521 8 _aDla personelu inż.-techn., pracowników biur proj. i instytutów, inżynierów, techników i mistrzów przedsięb. budowl.-montaż.
658 _aArchitektura i budownictwo
650 4 _aMateriały budowlane
650 4 _aAzbestocement
700 1 _aKrzewiński, Zbigniew.
_eAutor
700 1 _aŁącki, Wojciech.
_eAutor
710 2 _aWydawnictwo "Arkady".
_4pbl.
856 _uhttp://koha.tu.koszalin.pl/cgi-bin/koha/opac-detail.pl?biblionumber=10668
_yKatalog online BPK
942 _2UKD
_cKS
999 _c10668
_d10668